000 00531nam a2200205 a 4500
001 BRCA_6201
005 20190320205352.0
008 120711s1923----gw-#######---#000-0#ger-#
041 _ager
044 _agw
050 4 _aPT2621 I26
_b.G65 1923
245 1 0 _aDer Golfstrom Roman
_cvon Otto Erich Kiesel.
260 _aBraunschweig, Alemania
_bG. Westermann
_c1923
300 _a397 p.
_c19 cm.
500 _aI61
650 1 4 _aLiteratura Alemana
_96160
700 1 _aKiesel, Otto Erich
_915600
902 _aGFM
942 _2lcc
_cB
999 _c5888
_d5888